Most Points by Lakers Since 2000 - Statistics

General Stats
  • This quiz has been taken 11 times
  • The average score is 12 of 50
Answer Stats
Hint Answer Points % Correct
1. Kobe Bryant 30,888
100%
2. LeBron James 12,089
100%
4. Anthony Davis 7739
78%
22. Luka Doncic 2481
78%
5. Pau Gasol 7610
78%
3. Shaquille O'Neal 9571
78%
8. Austin Reaves 4945
56%
7. Derek Fisher 6144
44%
14. Julius Randle 3219
44%
33. Wesley Johnson 1468
44%
9. Andrew Bynum 4597
33%
18. Brandon Ingram 2639
33%
11. D'Angelo Russell 4062
33%
25. Dwight Howard 2185
33%
19. Rui Hachimura 2619
33%
46. Alex Caruso 1082
22%
49. Josh Hart 1021
22%
10. Kyle Kuzma 4206
22%
6. Lamar Odom 7092
22%
15. Metta World Peace 3197
22%
16. Nick Young 2890
22%
17. Rick Fox 2830
22%
24. Russell Westbrook 2268
22%
30. Dennis Schroder 1771
11%
38. Glen Rice 1272
11%
37. JaVale McGee 1343
11%
47. Jaxson Hayes 1063
11%
12. Jordan Clarkson 3904
11%
13. Kentavious Caldwell-Pope 3228
11%
50. Kwame Brown 1013
11%
26. Lou Williams 2106
11%
23. Luke Walton 2434
11%
35. Shannon Brown 1437
11%
28. Smush Parker 1848
11%
32. Brian Cook 1719
0%
45. Brian Shaw 1145
0%
41. Caron Butler 1195
0%
34. Chris Mihm 1457
0%
20. Devean George 2572
0%
40. Gary Payton 1199
0%
29. Jodie Meeks 1827
0%
21. Jordan Farmar 2492
0%
31. Jordan Hill 1764
0%
44. Larry Nance Jr. 1158
0%
48. Malik Monk 1048
0%
27. Sasha Vujacic 2033
0%
36. Stanislav Medvedenko 1348
0%
42. Steve Blake 1178
0%
39. Talen Horton-Tucker 1216
0%
43. Vladimir Radmanovic 1177
0%
No matching quizzes found
Score Distribution
Percent of People with Each Score
Percentile by Number Answered
Your Score History
You have not taken this quiz